Normal view
MARC view
- WIRLESS SECURITY AND PRIVACY
Entry Topical Term
001 - CONTROL NUMBER
- control field: 64671
003 - CONTROL NUMBER IDENTIFIER
- control field: NUST
005 - DATE AND TIME OF LATEST TRANSACTION
- control field: 20210628203321.0
008 - FIXED-LENGTH DATA ELEMENTS
- fixed length control field: 210628|| aca||aabn | a|a d
040 ## - CATALOGING SOURCE
- Original cataloging agency: NUST
- Transcribing agency: NUST
150 ## - HEADING--TOPICAL TERM
- Topical term or geographic name entry element: WIRLESS SECURITY AND PRIVACY
670 ## - SOURCE DATA FOUND
- Source citation: Work cat.: (NUST): Swaminatha, Tara M:Elden, Charles R 61328, Wirless security and privacy;best practices and design techniqes, 2003
